| 000 | 03525nam a2200397 a 4500 | ||
|---|---|---|---|
| 003 | BLK | ||
| 005 | 20241216133907.0 | ||
| 008 | 220920b bu |||||r|||| 00| | bu d | ||
| 020 | _a9789540758404 | ||
| 040 | _aBLK | ||
| 041 |
_aBUL _cBUL |
||
| 080 |
_aБиблиотечно дело. Библиотекознание - Теория на библиотечното дело. Общи въпроси на библиотекознанието _b02 _z02(497.2)(092)(062) |
||
| 080 |
_aПанчева, Цветанка Христова _b929 Панчева, Цветанка Христова _z929 Панчева, Цветанка Христова |
||
| 080 |
_aИстория на цивилизацията. История на културата _b930.85 _z930.85:004(497.2)(062) |
||
| 139 | _bП 20 | ||
| 245 |
_aБиблиотеките, културното наследство и паметта _bсборник в чест на проф. дн Цветанка Панчева _cсъстав., увод Ели Попова ; науч. ред. Милена Миланова |
||
| 260 |
_9209716 _aСофия _bУнив. изд. Св. Климент Охридски _c2023 _n978-954-07- ; 954-9399- |
||
| 300 |
_a479 с. _bс табл., диагр. _c24 см |
||
| 380 | _a0 | ||
| 490 |
_9456707 _aКнига-информация-общество _v№ 5 |
||
| 500 | _aЗагл. на англ. ез.: Libraries, cultural heritage and memory Рец. Боряна Христова, Оля Харизанова Съдържа статии от: Анета Дончева, Антоанета Тотоманова, Елена Янакиева, Нина Шуманова, Вили Томова, Живка Радева, Савина Цонева, Искра Михайлова, Силвия Станчева, Милена Миланова, Биляна Яврукова, Дарина Илиева-Петрова, Елица Лозанова-Белчева, София Пейчева, Събина Анева, Ваня Грашкина-Минчева, Георги Петров, Оля Харизанова, Орлин Илиев, Ели Попова, Надя Карачоджукова, Снежана Коларова, Таня Тодорова, Боряна Христова, Стоянкя Кендерова, Людмила Т. Димитрова Списък на авторите: с. 461-462 Библиогр. в края на отд. статии Рез. на бълг. и англ. ез. | ||
| 505 | _tСъдържа и: Библиография но публикациите на проф. дн Цветанка Панчева / Весела Цокева: с. 44-73. | ||
| 600 | 0 |
_9371495 _aПанчева, Цветанка Христова |
|
| 650 | 0 |
_9298170 _aБиблиотеки - роля и значение - конгреси, конференции, съвещания |
|
| 650 | 7 |
_9159973 _aКултурно-историческо наследство - България |
|
| 650 | 0 |
_9285770 _aБиблиотечни фондове - дигитализация |
|
| 700 |
_9401238 _aПопова, Ели Драганова |
||
| 700 | 1 |
_995520 _aМиланова, Милена Миланова |
|
| 700 |
_9347583 _aЦокева, Весела Костадинова |
||
| 852 |
_bБМ _cБМ 02/П 20 Ц |
||
| 856 |
_i0.00 _ldisable |
||
| 942 |
_cKNG _n0 _s1 _05 |
||
| 944 |
_cНора Радева _k30529 _lДиана Гривева |
||
| 999 |
_c505410 _d505410 |
||
| 999 | _d505410 | ||
| 999 | _d473753 | ||